Kapitoly z ošetřovatelské péče /

Hlavní autor: Mikšová, Zdeňka, 1959-
Další autoři: Froňková, Marie, 1961-, Hernová, Renáta, Zajíčková, Marie
Jazyk: Čeština
Vydáno: Praha : Grada Publishing, 2006
Vydání: Aktualizované a doplněné vydání
Edice: Sestra (Grada)
Témata:
Fyzický popis: 2 svazky (248; 171 stran) : ilustrace ; 24 cm
Odebírané svazky: 1-2
Knihy
Uloženo v:
LEADER 01688nam a2200433 ia4500
001 000807712
003 CZ BrMZK
005 20230110094904.0
007 ta
008 060202s2006 xr a fr 001 0 cze
015 |a cnb001639803 
020 |a 80-247-1442-6  |q (I. ;  |q brožováno) 
020 |a 80-247-1443-4  |q (II. ;  |q brožováno) 
040 |a BOA001  |b cze  |e rda 
072 7 |a 616  |x Patologie. Klinická medicína  |2 Konspekt  |9 14 
080 |a 616-083  |2 MRF 
080 |a (048.8)  |2 MRF 
100 1 |a Mikšová, Zdeňka,  |d 1959-  |7 mzk2005318121  |4 aut 
245 1 0 |a Kapitoly z ošetřovatelské péče /  |c Z. Mikšová, M. Froňková, R. Hernová, M. Zajíčková 
250 |a Aktualizované a doplněné vydání 
264 1 |a Praha :  |b Grada Publishing,  |c 2006 
300 |a 2 svazky (248; 171 stran) :  |b ilustrace ;  |c 24 cm 
336 |a text  |b txt  |2 rdacontent 
337 |a bez média  |b n  |2 rdamedia 
338 |a svazek  |b nc  |2 rdacarrier 
490 1 |a Sestra 
500 |a Na obálce uveden další nakladatel: Avicenum 
504 |a Obsahuje bibliografie a rejstříky 
650 0 7 |a ošetřovatelská péče  |7 ph162660  |2 czenas 
655 7 |a monografie  |7 fd132842  |2 czenas 
700 1 |a Froňková, Marie,  |d 1961-  |7 mzk2006320256  |4 aut 
700 1 |a Hernová, Renáta  |7 xx0244733  |4 aut 
700 1 |a Zajíčková, Marie  |7 mzk2006320255  |4 aut 
830 0 |a Sestra (Grada)  |0 s 
910 |a BOA001  |b 2-1163.875  |s 1-2 
990 |a BK 
991 |b 200603  |c NOV 
996 6 |b 2610271752  |c 2-1163.875  |d I.  |v 1  |l MZK  |r Sklad / do 1 hodiny  |n 9  |p p.v.  |w 000807712  |u 000010  |a 1  |e BOA001  |j MZK50  |s P 
996 6 |b 2610271753  |c 2-1163.875  |d II.  |v 2  |l MZK  |r Sklad / do 1 hodiny  |n 0  |p p.v.  |w 000807712  |u 000020  |a 1  |e BOA001  |j MZK50  |s P